Analýza a hodnotenie transformačného procesu v zmysle plnenia konvergenčných kritérií v podmienkach slovenskej ekonomiky dizertačná práca

Uložené v:
Podrobná bibliografia
Hlavný autor: Chandoga, Roman
Korporativný autor: Národohospodárska fakulta EU. Katedra hospodárskej politiky
Ďalší autori: Lukáčik, Ján
Médium: Kniha
Jazyk:Slovak
Vydavateľské údaje: Bratislava 2009
Predmet:
Tagy: Pridať tag
Žiadne tagy, Buďte prvý, kto otaguje tento záznam!

MARC

LEADER 00000nam$a2200000$$$4500
001 0108615
005 20230227085339.2
041 0 |a slo 
044 |a SK 
245 1 0 |a Analýza a hodnotenie transformačného procesu v zmysle plnenia konvergenčných kritérií v podmienkach slovenskej ekonomiky  |b dizertačná práca  |c Roman Chandoga ; škol. Ján Lukáčik 
264 1 |a Bratislava  |c 2009 
300 |a 160 s. 
610 2 0 |a transformácia 
610 2 0 |a privatizácia 
610 2 0 |a liberalizácia 
610 2 0 |a únie menové 
610 2 0 |a euro 
610 2 0 |a Slovensko 
100 1 |a Chandoga, Roman 
700 1 |a Lukáčik, Ján 
710 2 |a Národohospodárska fakulta EU. Katedra hospodárskej politiky